[Event "Noale Szabados Memorial-B 3rd"]
[Site "Noale"]
[Date "2010.02.06"]
[Round "3"]
[White "Ferrari, Riccardo"]
[Black "Ferrari, Vania"]
[Result "0-1"]
[WhiteElo "1350"]
[BlackElo "1434"]
[PlyCount "68"]
[EventDate "2010.02.05"]
[EventType "swiss"]
[EventRounds "5"]
[EventCountry "ITA"]
[SourceTitle "EXT 2022"]
[Source "ChessBase"]
[SourceDate "2021.10.06"]
[SourceVersion "1"]
[SourceVersionDate "2021.10.06"]
[SourceQuality "1"]

1. e4 c5 2. Nf3 d6 3. d4 cxd4 4. Nxd4 Nf6 5. Nc3 e5 6. Nb3 a6 7. Bg5 Be6 8. Bxf6 Qxf6 9. Nd5 Qd8 10. Qd2 Nc6 11. Bd3 Bxd5 12. exd5 Ne7 13. c4 Ng6 14. Bc2 Be7 15. Na5 Rb8 16. g3 0-0 17. Qb4 Qc7 18. 0-0 f5 19. Rac1 Bd8 20. Nb3 Bg5 21. Nd2 f4 22. Nf3 Bh6 23. g4 Qe7 24. Rfe1 Nh4 25. Nxe5 f3 26. Rcd1 Rf4 27. h3 Qf6 28. Nd7 Qg5 29. Re4 Rxe4 30. Bxe4 Re8 31. Re1 Qf4 32. Bxh7+ Kxh7 33. Rxe8 Nf5 34. gxf5 Qg5+ 0-1

[Event "Noale Szabados Memorial-B 3rd"]
[Site "Noale"]
[Date "2010.02.05"]
[Round "1"]
[White "Ferrari, Riccardo"]
[Black "Alfier, Cecilia"]
[Result "0-1"]
[WhiteElo "1350"]
[BlackElo "1778"]
[PlyCount "36"]
[EventDate "2010.02.05"]
[EventType "swiss"]
[EventRounds "5"]
[EventCountry "ITA"]
[SourceTitle "EXT 2022"]
[Source "ChessBase"]
[SourceDate "2021.10.06"]
[SourceVersion "1"]
[SourceVersionDate "2021.10.06"]
[SourceQuality "1"]

1. e4 c5 2. Nf3 d6 3. d4 cxd4 4. Nxd4 Nf6 5. Nc3 a6 6. Bg5 e5 7. Nb3 Be7 8. Nd5 Nxd5 9. exd5 Bxg5 10. Bd3 0-0 11. Qh5 g6 12. Qf3 f5 13. Be2 Nd7 14. Qg3 Bh6 15. h4 Kh8 16. Nd2 Bxd2+ 17. Kxd2 Nf6 18. h5 Ne4+ 0-1